Truyện các nữ thần Việt Nam
v.v...
Đã lưu trong:
| Tác giả chính: | |
|---|---|
| Định dạng: | Sách |
| Năm xuất bản: |
H.
Văn hoá thông tin
2012
|
| Chủ đề: | |
| Tags: |
Thêm thẻ
Không có thẻ, Hãy là người đầu tiên gắn thẻ bản ghi này!
|
| LEADER | 00644nam a2200169 4500 | ||
|---|---|---|---|
| 082 | |a 398.209597 |b Đ450TH | ||
| 100 | |a Đỗ Thị Hảo | ||
| 245 | |a Truyện các nữ thần Việt Nam |c Đỗ Thị Hảo, Mai Thị Ngọc Chúc | ||
| 260 | |a H. |b Văn hoá thông tin |c 2012 | ||
| 300 | |a 203 tr. |c 21 cm. | ||
| 520 | |a v.v... | ||
| 653 | |a Văn học dân gian | ||
| 653 | |a Truyện thần thoại | ||
| 653 | |a Việt Nam | ||
| 942 | |2 ddc |c SH | ||
| 999 | |c 8015 |d 8015 | ||
| 952 | |0 0 |1 0 |2 ddc |4 0 |6 398_209597000000000_Đ450TH |7 0 |8 300 |9 69079 |a qbu |b qbu |c D2 |d 2015-03-31 |g 40000 |o 398.209597 Đ450TH |p 8015.c1 |r 0000-00-00 |w 2015-03-31 |y SH |0 0 |6 398_209597000000000_Đ450TH | ||